000 00268 a2200109 4500
001 57135
082 _a515 SNA
090 _c35067
_d35067
100 _aSanaullah
245 _aA Text Book of Calculas & Analytic Geometry XII
260 _aLahore
_bPunjab Text Book Board
942 _aNUST-CAE
_k515 SNA
999 _c292208
_d292208